Statistics for WWE Titles Quiz

Click here to take the quiz!

General Stats

  • This quiz has been taken 401 times
  • The average score is 10 of 14

Answer Stats

QuestionAnswer% Correct
Who calls themselves Phenomenal?AJ Styles
93%
Who is "Glorious"Robert Roode
92%
What Tag team has held the most reigns as tag team champions?The New Day
85%
What year was the Universal Championship Introduced?2016
81%
Roman Reigns was a tag team champion with who?Seth Rollins
80%
What is the Newest WWE belt?24/7 Championship
79%
Who was the First ever Universal Champion, and for how long?Finn Bálor- 1 day
74%
What WWE belt is White, gold, and Black?Intercontinental Championship
63%
Who held the United States, and the WWE Championship for the first time ever.Seth Rollins
62%
How many times has Randy Orton been World Champion?13
60%
Will you like this projectYes
59%
Will you follow me?Yes
50%
Shortest Reigning WWE ChampionAndré the Giant
42%
What is the oldest WWE belt?United States Championship
31%

Score Distribution

Percentile by Number Answered

Percent of People with Each Score

Your Score History

You have not taken this quiz